000 00958 a2200217 4500
999 _c11986
_d11986
005 20181212134754.0
008 090221t xxu||||| |||| 00| 0 hin d
010 _aB-302954-968
020 _a8171789722
_c125.00
035 _aB-302954-968
035 _aB-78710
040 _aDPL
_bHN
082 _a821
100 _aवाजपेयी, अशोक
245 _aसमय के पास समय /
_cअशोक वाजपेयी
260 _aनई दिल्ली
_bराजकमल प्रकाशन
_c2005
270 _a1-बी, नेताजी सुभाष मार्ग
_bनई दिल्ली
_e110002
300 _a80पृ.
_c22सेमी(सजिल्द)
942 _adpl
_cHN
_k821/वाजपे
_2ddc
_h821
_mवाजपे